Szczegóły MARC21

Szlachta polska i jej państwo /

003 -Nazwa inst., której nr kontr. jest w polu 001 [,]
    • @
    • Nazwa instytucji, której n kontrolny jest w polu 001
    • NUKAT
005 -DATA I CZAS OSTATNIEJ MODYFIKACJI [,]
    • @
    • pole kontrolne
    • 20241231094431.0
020 -Międzynarod. znormalizowany nr książki - ISBN [ , ]
    • a
    • Numer ISBN
    • 8321405266 Find
040 -Instytucja sporządzająca opis [ , ]
    • a
    • Instytucja, która sporządziła opis (NP)
    • KR U/39KP
    • c
    • Instytucja, która sporządziła rekord (NP)
    • KR U/39KP
    • d
    • Instytucja, która zmodyfikowała rekord (P)
    • KR U/39KP
    • d
    • Instytucja, która zmodyfikowała rekord (P)
    • WA U/EDPs
    • d
    • Instytucja, która zmodyfikowała rekord (P)
    • LUBL M/AS
942 -Rodzaj dokumentu [ , ]
    • c
    • Rodzaj dokumentu
    • Książka
100 -Hasło główne - nazwa osobowa [1, ]
    • a
    • Nazwa osobowa (NP)
    • Maciszewski, Jarema
    • d
    • Daty biograficzne (NP)
    • (1930-2006).
    • 9
    • KHW
    • 95929
245 -Strefa tytułu i oznaczenia odpowiedzialności [1,0]
    • a
    • Tytuł
    • Szlachta polska i jej państwo / Find
    • c
    • Pozostałe elementy strefy tytułu i oznaczenia odpowiedzialności (NP)
    • Jarema Maciszewski.
250 -Strefa wydania [ , ]
    • a
    • Oznaczenie wydania (NP)
    • Wyd. 2 uzup.
260 -Strefa adresu wydawniczego [ , ]
    • a
    • Miejsce wydania (P)
    • Warszawa :
    • b
    • Nazwa wydawcy (P)
    • Wiedza Powszechna,
    • c
    • Data wydania (P)
    • 1986.
300 -Strefa opisu fizycznego [ , ]
    • a
    • Określenie formy książki i/lub objętość (NP)
    • 305, [3] s., [40] s. tabl. :
    • b
    • Oznaczenie ilustracji (NP)
    • il. ;
    • c
    • Format (NP)
    • 20 cm.
336 -Typ zawartości [ , ]
    • a
    • Termin opisujący typ zawartości
    • Tekst
    • b
    • Kod określający zawartość
    • txt
    • 2
    • Źródło (terminu i kodu)
    • rdacontent
337 -Typ mediów [ , ]
    • a
    • Tryb odtwarzania
    • Bez urządzenia pośredniczącego
    • b
    • Kod typu mediów
    • n
    • 2
    • Źródło (terminu i kodu)
    • rdamedia
338 -Typ/rodzaj nośnika [ , ]
    • a
    • Hasło opisujące typ nośnika
    • Wolumin
    • b
    • Kod typu nośnika
    • nc
    • 2
    • Źródło (terminu i kodu)
    • rdacarrier
490 -Strefa serii i książki wielotomowej - forma nie do wyszukiwania [1, ]
    • a
    • Tytuł (P)
    • Biblioteka Wiedzy Historycznej. Historia Polski Find
830 -Hasło dodatkowe serii i opisu książki wielotomowej - tytuł ujednolicony/tytuł [ ,0]
    • a
    • Tytuł ujednolicony/tytuł (NP)
    • Biblioteka Wiedzy Historycznej.
    • p
    • Nazwa części/podserii/sekcji (P)
    • Historia Polski
    • x
    • ISSN
    • 1895-0752
    • 9
    • KHW
    • 48251
504 -Uwaga dot. bibliogr. załącznikowej [ , ]
    • a
    • Uwaga dot. bibliografii załącznikowej
    • Indeks.
080 -Uniwersalna Klasyfikacja Dziesiętna [ , ]
    • 2
    • Identyfikator wydania tablic
    • UDC-P058
    • a
    • Symbol klasyfikacji
    • 94(438).02
    • b
    • Dopowiedzenie
    • Historia Polski. Dynastia Piastów i Andegawenów (ok. 960-1386).
080 -Uniwersalna Klasyfikacja Dziesiętna [ , ]
    • 2
    • Identyfikator wydania tablic
    • UDC-P058
    • a
    • Symbol klasyfikacji
    • 94(438).03
    • b
    • Dopowiedzenie
    • Historia Polski. Dynastia Jagiellonów (1386-1572).
080 -Uniwersalna Klasyfikacja Dziesiętna [ , ]
    • 2
    • Identyfikator wydania tablic
    • UDC-P058
    • a
    • Symbol klasyfikacji
    • 94(438).04
    • b
    • Dopowiedzenie
    • Historia Polski. Królowie elekcyjni (do Sasów włącznie)(1573-1763).
080 -Uniwersalna Klasyfikacja Dziesiętna [ , ]
    • 2
    • Identyfikator wydania tablic
    • UDC-P058
    • a
    • Symbol klasyfikacji
    • 323.3-058.12
    • b
    • Dopowiedzenie
    • Szlachta. Arystokracja.
    • x
    • Poddział wspólny
    • (438)
    • b
    • Dopowiedzenie
    • (Polska).
    • x
    • Poddział wspólny
    • ".../17"
    • b
    • Dopowiedzenie
    • Do wieku XVIII.
650 -Hasło przedmiotowe [ ,7]
    • a
    • Hasło przedmiotowe
    • Szlachta
    • z
    • Określnik geograficzny
    • Polska
    • x
    • Określnik rzeczowy
    • obyczaje i zwyczaje
    • x
    • Określnik rzeczowy
    • historia.
    • 2
    • Źródło terminu
    • kaba
    • 9
    • KHW
    • 517484
650 -Hasło przedmiotowe [ ,7]
    • a
    • Hasło przedmiotowe
    • Szlachta
    • z
    • Określnik geograficzny
    • Polska
    • x
    • Określnik rzeczowy
    • sytuacja społeczna
    • x
    • Określnik rzeczowy
    • historia.
    • 2
    • Źródło terminu
    • kaba
    • 9
    • KHW
    • 517486
650 -Hasło przedmiotowe [ ,7]
    • a
    • Hasło przedmiotowe
    • Szlachta
    • x
    • Określnik rzeczowy
    • działalność polityczna
    • z
    • Określnik geograficzny
    • Polska
    • x
    • Określnik rzeczowy
    • historia.
    • 2
    • Źródło terminu
    • kaba
    • 9
    • KHW
    • 517485
651 -Hasło przedmiotowe w formie nazwy geograficznej [ ,7]
    • a
    • Nazwa geograficzna
    • Polska
    • x
    • Określnik rzeczowy
    • polityka i rządy
    • y
    • Określnik chronologiczny
    • 1500-1800.
    • 2
    • Źródło terminu
    • kaba
    • 9
    • KHW
    • 377502
980 -Symbol UKD [ , ]
    • a
    • UKD
    • 94(438).02/.04:323.3-058.12(438)".../17"
710 -Hasło dodatkowe - nazwa ciała zbiorowego [2, ]
    • a
    • Nazwa ciała zbiorowego lub nazwa geograficzna jako pierwszy element (NP)
    • Państwowe Wydawnictwo Wiedza Powszechna.
    • 4
    • Kod relacji
    • pbl
    • 9
    • KHW
    • 52062
920 -ISBN [ , ]
    • a
    • ISBN
    • 83-214-0526-6 Find
Lokalizacja Data inwentaryzacji Uwagi nie widoczne w OPAC Status udost. Numer inwentarzowy Sygnatura
BG2007-05-15przepisany1Z.67138Z.67138
BG2007-05-15przepisany-3W.143019W.143019
BG2007-05-15przepisany2W.143020W.143019
BG2007-05-15przepisany-3W.143021W.143019
BG2007-05-15przepisany-3W.143022W.143019
BG2007-05-15przepisany-3W.143023W.143019
BNS2007-05-15przepisany1H.696 
BNS2007-05-15 -3H.15814 
BNS przepisany-3F.18858